| 000 | 00632nam a2200229 i 4500 | ||
|---|---|---|---|
| 001 | bg | ||
| 100 | 1 | _aŚWIDA, Dagmara | |
| 245 | 1 | 0 |
_aEnglish for business and politics / _cDagmara Świda. |
| 260 |
_aWarszawa : _bPoltext, _c1997. |
||
| 300 |
_a310, [2] s. ; _c26 cm + _e2 kasety dźw. |
||
| 650 | 9 |
_aNauki ekonomiczne _xsłownictwo |
|
| 650 | 9 | _aJęzyk angielski | |
| 650 | 9 |
_aPolityka _xsłownictwo |
|
| 655 | _aPodręczniki akademickie | ||
| 020 | _a838689038X | ||
| 040 | _cBPK | ||
| 041 | 0 | _aenpl | |
| 080 | _a811.111(075.8):3 | ||
| 920 | _a83-86890-38-X | ||
| 942 | _cKS | ||
| 008 | s pl f |000 0 pol | ||
| 999 |
_c32729 _d32729 |
||
| 856 |
_uhttp://koha.tu.koszalin.pl/cgi-bin/koha/opac-detail.pl?biblionumber=32729 _yKatalog online BPK |
||